MLB Teams by the Year of Their Last World Series Victory - Click Quiz - Statistics

General Stats
  • This quiz has been taken 440 times
    341 since last reset
  • The average score is 17 of 25
Answer Stats
Hint Answer % Correct
Rangers 2023
85%
Cubs 2016
84%
Dodgers 2025
83%
Nationals 2019
79%
Diamondbacks 2001
78%
Royals 2015
78%
Yankees 2009
76%
Red Sox 2018
76%
Giants 2014
75%
Astros 2022
75%
Braves 2021
73%
Mets 1986
70%
White Sox 2005
70%
Blue Jays 1993
69%
Angels 2002
69%
Cardinals 2011
69%
Guardians 1948
68%
Phillies 2008
68%
Marlins 2003
66%
Pirates 1979
62%
Twins 1991
59%
Orioles 1983
56%
Reds 1990
56%
Tigers 1984
53%
Atheltics 1989
53%
No matching quizzes found
Score Distribution
Percent of People with Each Score
Percentile by Number Answered
Your Score History
You have not taken this quiz since the last reset